000 01077nam a2200229 i 4500
001 186810
003 ES-MaACL
005 20230906222741.0
007 t|
008 170217s1879 fr ||||1| fre d
111 2 _aCongrès International d'Homoeopathie (
_d1878.
_cParis)
_9161781
245 1 0 _aCongrès International d'Homoeopathie tenu à Paris les 12, 13 et 14 août 1878
_b: comptes rendus sténographiques publiés sous les auspices du Comité Central des Congrès et Confèrences et la direction de Ch. Thirion.
260 _aParis :
_bImprimeria Nationale,
_c1879.
300 _a200 p. ;
_c24 cm.
490 1 _aCongrès et conférences du Palais du Trocadéro ;
_v13
500 _aPrecede al tít.: Ministère de l'Agriculture et du Commerce, Exposition Universelle International de 1878, à Paris.
650 4 _aHomeopatía-
_vCongresos y asambleas.
_9161782
711 2 _aExposition Universelle (
_d1878.
_cParis)
_9135143
830 0 _aCongrès et conférences du Palais du Trocadéro ;
_v13
_9192600
852 _aES-MaACL
_jG-1748(1)
999 _c186810
_d186810